Țările care încep cu litera G - Statistics

General Stats
  • This quiz has been taken 6 times
  • The average score is 8 of 12
Answer Stats
Ţară % Correct
Gabon
80%
Germania
80%
Ghana
80%
Guatemala
80%
Guineea
80%
Guineea-Bissau
80%
Guineea Ecuatorială
80%
Gambia
60%
Georgia
60%
Grecia
60%
Guyana
60%
Grenada
40%
No matching quizzes found
Score Distribution
Percent of People with Each Score
Percentile by Number Answered
Your Score History
You have not taken this quiz